000 00274nam a22001217a 4500
008 170529b xxu||||| |||| 00| 0 eng d
041 _aeng
080 _25 ED
_a622
100 _a27
101 _aIM
245 _aCHEMICAL ENGINEERS HANDBOKK
_cCHILTO.P
942 _2udc
_cBK
999 _c14870
_d14870